000 00285nam a2200121Ia 4500
008 190216s9999||||xx |||||||||||||| ||und||
100 _aDost Mohamed
245 0 _aInternational Liquidity
260 _bSterling Publications
_c1987
300 _a183p
650 _aEconomics
942 _cBK
999 _c9774
_d9774